000
00253nam a2200097Ia 4500
001
649837
005
20250826154347.0
008
250824s9999 xx 000 0 und d
245
0
_a
YÜREK DEDE İLE PADİŞAH
_c
CAHİT ZARİFOĞLU
260
_b
BEYAN YAYINLARI
999
_c
649837
_d
649837